Movie by Difficulty IV Quiz Stats

 Plays Quiz Updated Mar 8, 2016

Challenge
Share
Tweet
Score 0/30 Timer 08:00
2 Plays Today
% Correct
Dirty Dancing
96.7%
Gladiator
96.2%
DodgeBall: A True Underdog Story
90.1%
The Goonies
88.6%
The Wedding Singer
86.2%
National Treasure
86.2%
8 Mile
85.3%
Field of Dreams
81.8%
It's a Wonderful Life
77.6%
The Last King of Scotland
65.6%
Scent of a Woman
51.3%
My Big Fat Greek Wedding
50.3%
The Running Man
40.8%
Thank You for Smoking
34.4%
Lone Survivor
33.9%
% Correct
The Bone Collector
33.2%
The Adjustment Bureau
31.3%
Do the Right Thing
30.5%
Super 8
28.6%
Army of Darkness
27%
The Mission
14%
Safety Not Guaranteed
10.7%
You're Next
10.6%
Margin Call
7.5%
Shallow Grave
7%
The Diving Bell and the Butterfly
6%
The Visitor
5%
Days of Heaven
4.6%
Down by Law
3.4%
Mean Creek
2.8%

You're not logged in!

Compare scores with friends on all Sporcle quizzes.
OR
Log In

You Might Also Like...

Show Comments

Extras

Top Quizzes Today


Score Distribution

Your Account Isn't Verified!

In order to create a playlist on Sporcle, you need to verify the email address you used during registration. Go to your Sporcle Settings to finish the process.

Report this User

Report this user for behavior that violates our Community Guidelines.

Details: